[Event "WJun"]
[Site "Puerto Madryn ARG"]
[Date "2009.10.27"]
[Round "7"]
[White "Gryson,W"]
[Black "Shyam,SM"]
[Result "0-1"]
[WhiteElo "2145"]
[BlackElo "2403"]
[EventDate "2009.10.22"]

1. d4 Nf6 2. Nf3 g6 3. Bf4 Bg7 4. e3 O-O 5. Be2 d6 6. c4 c5 7. Nc3 b6 8.
O-O Nbd7 9. h3 Re8 10. Bh2 Bb7 11. d5 a6 12. e4 h6 13. Qd2 e5 14. Ne1 Qe7
15. a4 Nh7 16. g4 Rf8 17. Ng2 Kh8 18. Rae1 Rae8 19. Bd3 Bc8 20. Bg3 Ng5 21.
f3 Nxh3+ 22. Kh2 Ng5 23. Qe3 Bf6 24. Rh1 Kg7 25. Kg1 Rh8 26. Kf2 Rh7 27.
Rh2 Reh8 28. Reh1 h5 29. gxh5 Rxh5 30. Rxh5 Rxh5 31. Rxh5 gxh5 32. Ke1 Nh3
33. f4 exf4 34. Bxf4 Ne5 35. Be2 h4 36. Nd1 Ng6 37. Bh6+ Kh7 38. e5 Qxe5
39. Qxe5 Bxe5 40. Be3 Bg3+ 41. Kf1 f5 42. Bd3 Ne5 0-1

[Event "WJun"]
[Site "Puerto Madryn ARG"]
[Date "2009.10.27"]
[Round "7"]
[White "Gomez,Gu"]
[Black "Can,E"]
[Result "1/2-1/2"]
[WhiteElo "2176"]
[BlackElo "2455"]
[EventDate "2009.10.22"]

1. d4 e6 2. Nf3 Nf6 3. Bg5 d5 4. c4 Nbd7 5. e3 c6 6. cxd5 exd5 7. Nc3 Be7
8. Qc2 O-O 9. Bd3 Re8 10. O-O Nf8 11. Rab1 Be6 12. b4 Rc8 13. Ne5 Ng4 14.
Bxe7 Qxe7 15. Nxg4 Bxg4 16. Bf5 Bxf5 17. Qxf5 a6 18. Na4 Rcd8 19. Nc5 Rd6
20. a4 Rf6 21. Qg4 Rg6 22. Qf3 Ne6 23. Nxe6 fxe6 24. b5 axb5 25. axb5 Rf8
26. Qh3 c5 27. dxc5 Qxc5 28. Rfc1 Qa3 29. Qh4 Qa2 30. Rf1 Qe2 31. Qh3 e5
32. Rbc1 Qxb5 33. Rc8 Qb4 34. Rxf8+ Qxf8 35. Rc1 Rc6 36. Rxc6 bxc6 37. Qe6+
Kh8 38. Qxc6 Qd8 39. Kf1 h6 40. Qe6 e4 41. Qe5 Qd7 42. f3 exf3 43. gxf3
Qh3+ 44. Kf2 Qh4+ 1/2-1/2

[Event "WJun"]
[Site "Puerto Madryn ARG"]
[Date "2009.10.27"]
[Round "7"]
[White "Maldonado,Fed"]
[Black "Macias Murillo,B"]
[Result "0-1"]
[WhiteElo "2003"]
[BlackElo "2363"]
[EventDate "2009.10.22"]

1. e4 e6 2. d4 d5 3. Nd2 Nf6 4. e5 Nfd7 5. Bd3 c5 6. c3 Nc6 7. Ne2 cxd4 8.
cxd4 f6 9. exf6 Nxf6 10. Nf3 Qc7 11. O-O Bd6 12. Bg5 O-O 13. Bh4 Nh5 14.
Qc2 h6 15. Bh7+ Kh8 16. Bg6 Nf4 17. Nxf4 Bxf4 18. Rfe1 Bd7 19. Rad1 Qb6 20.
Qe2 Bd6 21. Bb1 Kg8 22. Qd3 Rf5 23. g4 Nb4 24. Qb3 Rf4 25. a3 Rxg4+ 26. Kh1
Rf8 27. axb4 Rxf3 28. Qxf3 Rxh4 29. Bg6 Qd8 30. Bf7+ Kh8 31. Bxe6 Rxh2+ 32.
Kg1 Qg5+ 33. Kf1 Bb5+ 34. Re2 Rg2 0-1

[Event "WJun"]
[Site "Puerto Madryn ARG"]
[Date "2009.10.27"]
[Round "7"]
[White "Kokol,P"]
[Black "Crespo,E"]
[Result "0-1"]
[WhiteElo "2322"]
[BlackElo "2019"]
[EventDate "2009.10.22"]

1. e4 e6 2. d4 d5 3. Nc3 dxe4 4. Nxe4 Nd7 5. Nf3 Ngf6 6. Nxf6+ Nxf6 7. Be3
Nd5 8. Bd2 c5 9. Ne5 a6 10. c3 Nf6 11. Bd3 Bd6 12. Qf3 O-O 13. Bg5 cxd4 14.
Ng4 Be7 15. Qh3 g6 16. Nh6+ Kg7 17. O-O-O Qa5 18. f4 dxc3 19. Kb1 Qb4 20.
Rd2 cxd2 21. Qh4 Nd5 22. Ng4 h5 23. Bh6+ Kg8 0-1

[Event "WJun"]
[Site "Puerto Madryn ARG"]
[Date "2009.10.27"]
[Round "7"]
[White "Salinas Herrera,P"]
[Black "Lovik,L"]
[Result "1/2-1/2"]
[WhiteElo "2129"]
[BlackElo "2320"]
[EventDate "2009.10.22"]

1. e4 e6 2. d4 d5 3. Nc3 Nc6 4. e5 f6 5. f4 fxe5 6. dxe5 Bc5 7. Qg4 Qe7 8.
Bd2 Bd7 9. O-O-O O-O-O 10. h4 Nh6 11. Qh3 Nf5 12. Bd3 Nfd4 13. Nce2 Rdf8
14. Nxd4 Nxd4 15. h5 Nc6 16. c3 d4 17. Ne2 dxc3 18. Bxc3 Nb4 19. Bc4 b5 20.
Rxd7 Kxd7 21. Rd1+ Kc6 22. Nd4+ Kb6 23. Nxe6 bxc4 24. Nxc5 Nxa2+ 25. Kc2
Rxf4 26. Ba5+ Kxa5 1/2-1/2

[Event "WJun"]
[Site "Puerto Madryn ARG"]
[Date "2009.10.27"]
[Round "7"]
[White "Meza,Hu"]
[Black "Morales,Ra"]
[Result "1-0"]
[WhiteElo "2276"]
[BlackElo "1941"]
[EventDate "2009.10.22"]

1. d4 Nf6 2. c4 g6 3. Nc3 Bg7 4. e4 d6 5. f4 O-O 6. Nf3 c5 7. d5 Na6 8. Be2
Nc7 9. O-O Rb8 10. Qe1 a6 11. a4 b5 12. e5 Nfe8 13. Qh4 bxc4 14. Bxc4 a5
15. Rd1 Na6 16. e6 f6 17. f5 Rb4 18. b3 gxf5 19. Bf4 Rxc4 20. bxc4 Nb4 21.
Qg3 Kh8 22. Nh4 Rg8 23. Ng6+ 1-0

[Event "WJun"]
[Site "Puerto Madryn ARG"]
[Date "2009.10.27"]
[Round "7"]
[White "Alvarez Ramirez,M"]
[Black "Hugaert,A"]
[Result "0-1"]
[WhiteElo "2259"]
[BlackElo "2066"]
[EventDate "2009.10.22"]

1. d4 d5 2. c4 c6 3. Nf3 Nf6 4. Nc3 e6 5. Bg5 h6 6. Bh4 Be7 7. e3 O-O 8.
Qc2 Nbd7 9. Rd1 a6 10. a4 Qa5 11. c5 b6 12. Ne5 Nb8 13. cxb6 Qxb6 14. Be2
Nbd7 15. O-O c5 16. a5 Qc7 17. f4 cxd4 18. exd4 Bb4 19. Nxd7 Bxd7 20. Bxf6
gxf6 21. Rd3 f5 22. Rh3 Kg7 23. Qd3 Rg8 24. Qg3+ Kh7 25. Qh4 Bf8 26. Bd3
Qa7 27. Ne2 Bb5 28. Bxb5 axb5 29. b4 Rg6 30. Qe1 Rc8 31. Qd2 Rc4 32. Rb1
Rg8 33. Rd3 Bg7 34. h3 Rgc8 35. Rb2 Qc7 36. Kf2 Bf8 37. g3 Bd6 38. Ke3 Kg7
39. Kf2 Kf8 40. Ke3 Ke8 41. Ra3 Kd8 42. Kd3 Qe7 43. Rab3 R8c6 44. Qe1 Qc7
45. Qd2 Kc8 46. Ra3 Qe7 47. Rab3 Kb7 48. Qe1 Ka6 49. Qd2 Qc7 50. Ra3 Be7
51. Rab3 Qd6 52. Qe1 f6 53. Qf1 Qc7 54. Qf3 Qc8 55. g4 fxg4 56. hxg4 Qg8
57. f5 e5 58. Ke3 Qg5+ 59. Kf2 e4 60. Qf4 Qxf4+ 61. Nxf4 Rxd4 62. Rh3 Bxb4
63. Nxd5 Rxd5 64. Rxb4 Rd2+ 65. Ke1 Ra2 66. Kd1 Rcc2 67. Rxe4 Rcb2 68. Rc3
Ra1+ 69. Rc1 Rg2 70. Re1 Rxc1+ 0-1

[Event "WJun"]
[Site "Puerto Madryn ARG"]
[Date "2009.10.27"]
[Round "7"]
[White "Catelli,H"]
[Black "Guo Yuthok,S"]
[Result "1-0"]
[WhiteElo "2200"]
[BlackElo "1966"]
[EventDate "2009.10.22"]

1. e4 e5 2. Nf3 Nc6 3. Bc4 Bc5 4. c3 Nf6 5. d3 h6 6. Nbd2 d6 7. Bb3 Be6 8.
Bc2 Bb6 9. h3 Ne7 10. d4 Ng6 11. O-O O-O 12. Re1 Qc8 13. Nf1 Nh5 14. Nxe5
Ngf4 15. Nd3 Nxg2 16. Kxg2 Bxh3+ 17. Kh2 Nf6 18. Qf3 Bd7 19. Ne3 d5 20. e5
Ng4+ 21. Nxg4 Bxg4 22. Qxd5 Qf5 23. Re3 c5 24. Qe4 Qh5+ 25. Kg2 f5 26. Qd5+
Kh8 27. Nf4 Qe8 28. Rg3 g5 29. Rxg4 gxf4 30. Rxf4 Qh5 31. Be3 Rf7 32. Rh1
Qe2 33. Rxh6+ Kg7 34. Rh7+ 1-0

[Event "WJun"]
[Site "Puerto Madryn ARG"]
[Date "2009.10.27"]
[Round "7"]
[White "Popov,Iv RUS"]
[Black "Olszewski,Mi"]
[Result "1-0"]
[WhiteElo "2582"]
[BlackElo "2544"]
[EventDate "2009.10.22"]

1. e4 c5 2. Nf3 d6 3. Bb5+ Nd7 4. d4 Ngf6 5. Nc3 a6 6. Bxd7+ Nxd7 7. Bg5
Qc7 8. Nd5 Qd8 9. O-O f6 10. Bh4 e6 11. Nf4 Nb6 12. e5 Be7 13. Nh5 O-O 14.
exf6 gxf6 15. dxc5 dxc5 16. Ne5 Qxd1 17. Raxd1 Nd5 18. Ng4 Kf7 19. f4 Kg6
20. Ng3 h5 21. f5+ exf5 22. Rxd5 hxg4 23. Nxf5 Bxf5 24. Rdxf5 Rad8 25. R5f4
Rd4 26. g3 Rfd8 27. Rxf6+ Bxf6 28. Bxf6 R8d6 29. Bxd4 cxd4 30. Rf2 Kg5 31.
Kf1 d3 32. cxd3 Rxd3 33. Ke2 Rd7 34. Ke3 Rd6 35. Ke4 Rb6 36. Kd5 Kg6 37. b3
Kg5 38. Ke5 a5 39. Rf5+ Kg6 40. Rf4 Kg5 41. Ra4 Rb5+ 42. Kd6 Kh5 43. Re4
Rb6+ 44. Ke7 Rb5 45. Kf6 1-0

[Event "WJun"]
[Site "Puerto Madryn ARG"]
[Date "2009.10.27"]
[Round "7"]
[White "Swiercz,D"]
[Black "Howell,D"]
[Result "0-1"]
[WhiteElo "2492"]
[BlackElo "2624"]
[EventDate "2009.10.22"]

1. e4 e5 2. Nf3 Nc6 3. Bb5 a6 4. Ba4 Nf6 5. O-O Be7 6. Re1 b5 7. Bb3 d6 8.
c3 O-O 9. h3 Na5 10. Bc2 c5 11. d4 Nd7 12. d5 Nb6 13. Nbd2 g6 14. b4 Nb7
15. Nb3 c4 16. Nbd2 a5 17. Nf1 axb4 18. cxb4 Bd7 19. Bh6 Re8 20. Ng3 Bf8
21. Qc1 Ra6 22. a3 Bxh6 23. Qxh6 Qe7 24. Ne2 Rea8 25. Qe3 f5 26. exf5 gxf5
27. Nc3 Qg7 28. Kf1 Nd8 29. a4 bxa4 30. Ra3 Nf7 31. Nd2 Qg5 32. Qxg5+ Nxg5
33. Rb1 Rc8 34. Rba1 Kf8 35. b5 Ra5 36. Nxa4 Nxa4 37. Rxa4 Rxa4 38. Bxa4 c3
39. Nb3 Ra8 40. Ke1 Ne4 41. f3 Nf6 42. b6 Bxa4 43. b7 Rb8 44. Rxa4 Rxb7 45.
Nc1 Rb1 46. Kd1 Nxd5 0-1

[Event "WJun"]
[Site "Puerto Madryn ARG"]
[Date "2009.10.27"]
[Round "7"]
[White "Lenderman,A"]
[Black "Ibarra Chami,L"]
[Result "1-0"]
[WhiteElo "2542"]
[BlackElo "2393"]
[EventDate "2009.10.22"]

1. d4 Nf6 2. c4 e6 3. Nc3 Bb4 4. e3 d5 5. cxd5 exd5 6. Bd3 c5 7. Nge2 O-O
8. O-O b6 9. a3 Bxc3 10. bxc3 Ba6 11. Bxa6 Nxa6 12. f3 Re8 13. Ng3 Nb8 14.
Ra2 Nc6 15. Re2 Qd7 16. Qd3 Rad8 17. Bb2 h5 18. Rd1 g6 19. e4 h4 20. Nf1
dxe4 21. fxe4 h3 22. Qf3 hxg2 23. Ng3 Nh7 24. Qf4 Qd6 25. Qh6 Qf8 26. Qh4
Qe7 27. Qh6 Qg5 28. Qh3 Nf6 29. Qxg2 Nh5 30. Nxh5 Qxh5 31. Rd3 cxd4 32.
cxd4 Qb5 33. Rg3 Kf8 34. Rd2 Qc4 35. Rc3 Qa4 36. Rh3 Kg7 37. Qg5 1-0

[Event "WJun"]
[Site "Puerto Madryn ARG"]
[Date "2009.10.27"]
[Round "7"]
[White "Lalith,B"]
[Black "Diamant,A"]
[Result "1/2-1/2"]
[WhiteElo "2477"]
[BlackElo "2526"]
[EventDate "2009.10.22"]

1. Nf3 g6 2. c4 Bg7 3. e4 e5 4. d4 exd4 5. Nxd4 Nf6 6. Nc3 O-O 7. Be2 Re8
8. f3 c6 9. Nb3 a5 10. a4 Na6 11. O-O d5 12. cxd5 cxd5 13. Bb5 Bd7 14. Bxd7
Qxd7 15. Bg5 dxe4 16. Bxf6 Qxd1 17. Rfxd1 Bxf6 18. Nxe4 Bxb2 19. Rab1 Bg7
20. Nxa5 Nc5 1/2-1/2

[Event "WJun"]
[Site "Puerto Madryn ARG"]
[Date "2009.10.29"]
[Round "8"]
[White "Diamant,A"]
[Black "Yilmaz,M"]
[Result "1-0"]
[WhiteElo "2526"]
[BlackElo "2475"]
[EventDate "2009.10.22"]

1. e4 c5 2. Nf3 d6 3. d4 cxd4 4. Nxd4 Nf6 5. Nc3 a6 6. Be2 e5 7. Nb3 Be7 8.
O-O O-O 9. Kh1 b6 10. Nd5 Nxd5 11. Qxd5 Qc7 12. Be3 Bb7 13. Qd3 Nd7 14. f3
Rac8 15. c3 Rfd8 16. a4 h6 17. Rfd1 Qb8 18. Qd2 Qa8 19. Nc1 Rf8 20. Qc2 Nf6
21. Bxb6 d5 22. exd5 Nxd5 23. Bg1 e4 24. Qxe4 Nxc3 25. Qxe7 Rfe8 26. Qxe8+
Rxe8 27. bxc3 g5 28. Bd4 h5 29. Rb1 g4 30. Rxb7 Qxb7 31. fxg4 hxg4 32. Bxg4
Qc6 33. Nd3 Qxa4 34. Nc5 Qc4 35. Nd7 Rd8 36. Re1 a5 37. h4 a4 38. Re5 Qf1+
39. Kh2 Qf4+ 40. g3 Qd2+ 41. Kh3 f6 42. Be6+ Kg7 43. Rg5+ Kh6 44. Nxf6 Rxd4
45. cxd4 Qe1 46. Ng4+ Kh7 47. Bd5 a3 48. h5 Qf1+ 49. Bg2 Qf8 50. Ne5 Qc8+
51. Kh4 Qc2 52. Bd5 Qh2+ 53. Kg4 Qe2+ 54. Kh3 Qf1+ 55. Bg2 Qf6 56. Rg6 Qf5+
57. g4 Qf4 58. Ra6 Qe3+ 59. Nf3 Qb3 60. Ra7+ Kh8 61. d5 Qxd5 62. Rxa3 Qd6
63. Re3 Qf4 64. Re5 Qc4 65. Rf5 Qe6 66. Re5 Qd7 67. Kg3 Qf7 68. h6 Qc7 69.
g5 Kh7 70. Bh3 Kg6 71. Bf5+ Kh5 72. Bg4+ Kg6 73. Kh4 Qa7 74. Re6+ Kf7 75.
g6+ Kf8 76. g7+ Kf7 77. Bh5+ 1-0

[Event "WJun"]
[Site "Puerto Madryn ARG"]
[Date "2009.10.29"]
[Round "8"]
[White "Shyam,SM"]
[Black "Chirila,I"]
[Result "1-0"]
[WhiteElo "2403"]
[BlackElo "2504"]
[EventDate "2009.10.22"]

1. e4 e5 2. Nf3 Nc6 3. Bb5 a6 4. Ba4 Nf6 5. O-O b5 6. Bb3 Be7 7. Re1 O-O 8.
h3 Bb7 9. d3 d6 10. a4 Na5 11. Ba2 b4 12. Nbd2 c5 13. c3 Nd7 14. Nf1 Rb8
15. Ne3 b3 16. Bb1 g6 17. d4 Bf6 18. Ng4 Bg7 19. Bg5 f6 20. Be3 Kh8 21.
dxe5 dxe5 22. Qe2 Qe7 23. h4 Qe6 24. Ngh2 Nc4 25. Bc1 Nd6 26. h5 g5 27. Rd1
Rfd8 28. Nf1 c4 29. Ng3 Nc5 30. a5 Rbc8 31. Nh2 Rd7 32. f3 Rcd8 33. Be3 Nf7
34. Rxd7 Nxd7 35. Ra4 Nd6 36. Nf5 Bc6 37. Ra1 Nb8 38. Ng4 Nb7 39. h6 Bf8
1-0

[Event "WJun"]
[Site "Puerto Madryn ARG"]
[Date "2009.10.29"]
[Round "8"]
[White "Blit,J"]
[Black "Swiercz,D"]
[Result "1-0"]
[WhiteElo "2350"]
[BlackElo "2492"]
[EventDate "2009.10.22"]

1. Nf3 f5 2. d3 Nc6 3. d4 e6 4. c4 Nf6 5. a3 d6 6. Nc3 g6 7. d5 Ne7 8. Ng5
e5 9. f4 e4 10. e3 Bg7 11. Be2 h6 12. Nh3 O-O 13. O-O c6 14. Qb3 Kh7 15.
Rd1 Qc7 16. a4 Bd7 17. Qa3 Rfd8 18. Nf2 Be8 19. g4 Bf7 20. g5 hxg5 21. fxg5
Nd7 22. Nh3 cxd5 23. cxd5 Rac8 24. Nf4 Nb6 25. Nb5 Qd7 26. Qb3 Nbxd5 27.
Rxd5 Nxd5 28. Nxd5 Rc5 29. Nbc3 Bxc3 30. bxc3 Bxd5 31. c4 Bxc4 32. Bxc4 Qc7
33. Bf1 d5 34. Bb2 f4 35. Bd4 Rc6 36. exf4 Qd7 37. Qg3 Kg8 38. Bb5 Rdc8 39.
Bxc6 bxc6 40. Qh4 Qh7 41. Qxh7+ Kxh7 42. Bxa7 c5 43. a5 d4 44. a6 d3 45.
Bxc5 Rxc5 46. a7 d2 47. a8=Q Rc1+ 48. Kg2 d1=Q 49. Ra7+ 1-0

[Event "WJun"]
[Site "Puerto Madryn ARG"]
[Date "2009.10.29"]
[Round "8"]
[White "Gundavaa,B"]
[Black "Schiendorfer,E"]
[Result "1-0"]
[WhiteElo "2477"]
[BlackElo "2311"]
[EventDate "2009.10.22"]

1. e4 c5 2. Nf3 d6 3. d4 cxd4 4. Nxd4 Nf6 5. Nc3 a6 6. Bg5 e6 7. f4 b5 8.
e5 dxe5 9. fxe5 Qc7 10. exf6 Qe5+ 11. Be2 Qxg5 12. O-O Ra7 13. Qd3 Rd7 14.
Ne4 Qe5 15. c3 Bb7 16. Bf3 Bxe4 17. Bxe4 Bc5 18. Kh1 Bxd4 19. fxg7 Rg8 20.
cxd4 Rxd4 21. Qf3 Rxg7 22. Rae1 Qg5 23. Rc1 f5 24. Ba8 Rgd7 25. Rc8+ Rd8
26. Rxd8+ Rxd8 27. Re1 Kf7 28. h3 Nd7 29. Qc6 Qe7 30. Qxa6 Nc5 31. Qa5 Nd3
32. Rf1 Nxb2 33. Bc6 Nc4 34. Qxb5 Nd6 35. Qe2 Qg5 36. a4 Ne8 37. a5 Ng7 38.
Be4 f4 39. Ra1 Nf5 40. Qe1 1-0

[Event "WJun"]
[Site "Puerto Madryn ARG"]
[Date "2009.10.29"]
[Round "8"]
[White "Cori,J"]
[Black "Zaslavsky,M"]
[Result "1-0"]
[WhiteElo "2445"]
[BlackElo "2392"]
[EventDate "2009.10.22"]

1. e4 c5 2. Nf3 Nc6 3. d4 cxd4 4. Nxd4 Nf6 5. Nc3 e5 6. Ndb5 d6 7. Bg5 a6
8. Na3 b5 9. Nd5 Be7 10. Bxf6 Bxf6 11. c3 Bg5 12. Nc2 Rb8 13. Be2 O-O 14.
O-O Ne7 15. a4 Nxd5 16. exd5 bxa4 17. Nb4 Bd7 18. Bxa6 e4 19. Nc6 Bxc6 20.
dxc6 Rxb2 21. Qd5 e3 22. fxe3 Bxe3+ 23. Kh1 Rd2 24. Qf3 Bb6 25. Rxa4 d5 26.
Rf4 Qe7 27. Rf5 Bc7 28. Bd3 Qd6 29. g3 Qh6 30. h4 Kh8 31. h5 Qe6 32. Qxd5
Qe7 33. Qf3 Qe6 34. Qd5 Qe7 35. Qe4 Qd6 36. R5f3 f5 37. Qb4 g6 38. h6 Rb8
39. Qxd6 Bxd6 40. Re1 Bf8 41. Ba6 Bd6 42. Rfe3 Kg8 43. Re8+ Kf7 44. R1e7+
Bxe7 45. Rxb8 Bd6 46. Rd8 Ke7 47. c7 1-0

[Event "WJun"]
[Site "Puerto Madryn ARG"]
[Date "2009.10.29"]
[Round "8"]
[White "Houriez,C"]
[Black "Ibarra Chami,L"]
[Result "0-1"]
[WhiteElo "2304"]
[BlackElo "2393"]
[EventDate "2009.10.22"]

1. d4 d5 2. c4 e6 3. Nf3 Nf6 4. Nc3 Bb4 5. cxd5 exd5 6. Qa4+ Nc6 7. Bg5 h6
8. Bxf6 Qxf6 9. e3 O-O 10. Rc1 Rd8 11. a3 Bf8 12. h3 Ne7 13. Bd3 c6 14. Qc2
Nf5 15. O-O Be6 16. Rfe1 Re8 17. e4 Nxd4 18. Nxd4 Qxd4 19. exd5 Bd7 20. Be4
Kh8 21. dxc6 bxc6 22. Re2 f5 23. Bd3 c5 24. Nb5 Bxb5 25. Bxb5 Rxe2 26. Bxe2
Re8 27. Bf1 Qe5 28. g3 f4 29. gxf4 Qxf4 30. Bg2 Re5 31. Rd1 Be7 32. Kf1 Rf5
33. Re1 0-1

[Event "WJun"]
[Site "Puerto Madryn ARG"]
[Date "2009.10.29"]
[Round "8"]
[White "Karthikeyan,P1"]
[Black "Meza,Hu"]
[Result "1-0"]
[WhiteElo "2449"]
[BlackElo "2276"]
[EventDate "2009.10.22"]

1. d4 Nf6 2. c4 c5 3. d5 e6 4. Nc3 exd5 5. cxd5 d6 6. Nf3 g6 7. Nd2 Nbd7 8.
e4 Bg7 9. Be2 O-O 10. O-O Re8 11. a4 Ne5 12. Re1 a6 13. Nf1 h5 14. h3 Rb8
15. Bf4 b5 16. axb5 axb5 17. Bxb5 Bd7 18. Bxd7 Nfxd7 19. Qc2 Qf6 20. Bc1 c4
21. Nd2 Nc5 22. Rf1 Rb7 23. Kh1 Reb8 24. Rb1 Ned3 25. Nxc4 Rb4 26. Na2
Nxf2+ 27. Kg1 Nxh3+ 28. gxh3 Qd4+ 29. Ne3 Qe5 30. Kg2 1-0

[Event "WJun"]
[Site "Puerto Madryn ARG"]
[Date "2009.10.29"]
[Round "8"]
[White "Potapov,P"]
[Black "Garnelis,J"]
[Result "1/2-1/2"]
[WhiteElo "2429"]
[BlackElo "2228"]
[EventDate "2009.10.22"]

1. e4 c6 2. d4 d5 3. exd5 cxd5 4. c4 Nf6 5. Nc3 Nc6 6. Bg5 dxc4 7. Bxc4
Qxd4 8. Qxd4 Nxd4 9. O-O-O e5 10. f4 Bg4 11. Nf3 Nxf3 12. gxf3 Bxf3 13.
fxe5 Bxh1 14. exf6 h6 15. Nb5 Rc8 16. fxg7 Bxg7 17. Nd6+ Kd7 18. Nxc8+ Kxc8
19. Be3 Bc6 20. Bxf7 Be5 21. Bd4 Bxd4 22. Rxd4 1/2-1/2

[Event "WJun"]
[Site "Puerto Madryn ARG"]
[Date "2009.10.29"]
[Round "8"]
[White "Macias Murillo,B"]
[Black "Bomans,A"]
[Result "1-0"]
[WhiteElo "2363"]
[BlackElo "2085"]
[EventDate "2009.10.22"]

1. d4 e6 2. c4 Nf6 3. Nf3 b6 4. e3 Bb7 5. Bd3 d5 6. Nbd2 Be7 7. O-O O-O 8.
b3 Nbd7 9. Bb2 c5 10. Qe2 Ne4 11. Rac1 Bf6 12. Rfd1 Qe7 13. Bb1 Nxd2 14.
Nxd2 cxd4 15. exd4 Bg5 16. cxd5 Bxd5 17. Rc3 Bxd2 18. Qxd2 Rac8 19. Qc2 f5
20. Rxc8 Qg5 21. Rxf8+ Nxf8 22. f3 g6 23. Bc1 Qh5 24. Rf1 h6 25. Qc8 Kh7
26. Qe8 Qh4 27. Be3 Qf6 28. Bd3 f4 1-0

[Event "WJun"]
[Site "Puerto Madryn ARG"]
[Date "2009.10.29"]
[Round "8"]
[White "Maenhout,T"]
[Black "Crespo,E"]
[Result "1/2-1/2"]
[WhiteElo "2303"]
[BlackElo "2019"]
[EventDate "2009.10.22"]

1. e4 e6 2. d4 d5 3. Nd2 dxe4 4. Nxe4 Nd7 5. g3 Ngf6 6. Nxf6+ Nxf6 7. Bg2
e5 8. Qe2 Qxd4 9. Nf3 Qd5 10. O-O Bd6 11. Nxe5 Qxe5 12. Qxe5+ Bxe5 13. Re1
Nd7 14. f4 O-O 15. fxe5 Re8 16. Bf4 c6 17. a4 h6 18. h4 a6 19. g4 Nf8 20.
Bh3 Ng6 21. Bg3 Be6 22. Rad1 Rad8 23. b3 Bd5 24. Bf1 Nf8 25. Kf2 c5 26. Bg2
Bxg2 27. Kxg2 Ne6 28. c3 Kf8 29. h5 Nc7 30. Bf2 Ne6 31. Kf3 b6 32. Ke4 Ke7
33. c4 Rxd1 34. Rxd1 Rd8 35. Be3 1/2-1/2

[Event "WJun"]
[Site "Puerto Madryn ARG"]
[Date "2009.10.29"]
[Round "8"]
[White "Lovik,L"]
[Black "Cuberli,E"]
[Result "1/2-1/2"]
[WhiteElo "2320"]
[BlackElo "2161"]
[EventDate "2009.10.22"]

1. e4 c5 2. Nf3 d6 3. d4 cxd4 4. Nxd4 Nf6 5. Nc3 a6 6. Bg5 e6 7. f4 Qb6 8.
Qd2 Qxb2 9. Rb1 Qa3 10. e5 dxe5 11. fxe5 Nfd7 12. Ne4 h6 13. Bh4 Qxa2 14.
Rd1 Qd5 15. Qe3 Qxe5 16. Be2 Bc5 17. Bg3 Bxd4 18. Rxd4 Qa5+ 19. Rd2 O-O 20.
Bd6 Nc6 21. O-O Re8 22. Qf4 Qf5 23. Qh4 Qh7 24. Rxf7 g5 25. Nxg5 Qg6 26.
Ne4 Qxf7 27. Bh5 Qg7 28. Bxe8 Nd4 29. Rd3 Nf5 30. Qd8 Kh7 31. Bxd7 Bxd7 32.
Qxa8 Bc6 33. Ng3 Qa1+ 34. Kf2 Qc1 35. Bb4 Qf4+ 36. Ke2 Qg4+ 37. Kf2 Qf4+
38. Kg1 Qxb4 39. Qd8 Qc5+ 40. Kf1 Bb5 1/2-1/2

[Event "WJun"]
[Site "Puerto Madryn ARG"]
[Date "2009.10.29"]
[Round "8"]
[White "Stavrianakis,I"]
[Black "Salinas Herrera,P"]
[Result "0-1"]
[WhiteElo "2273"]
[BlackElo "2129"]
[EventDate "2009.10.22"]

1. d4 d5 2. Nf3 Nf6 3. e3 Bg4 4. h3 Bxf3 5. Qxf3 c6 6. b3 Nbd7 7. Bb2 Ne4
8. Bd3 Qa5+ 9. c3 Ndf6 10. O-O e6 11. Qd1 Bd6 12. f3 Ng3 13. Re1 O-O-O 14.
e4 dxe4 15. fxe4 e5 16. Nd2 Ngh5 17. Nc4 Qc7 18. Nxd6+ Qxd6 19. Bc4 Nf4 20.
Bxf7 h5 21. Bc4 g5 22. a4 g4 23. Ba3 Qc7 24. h4 Rhe8 25. Qc2 g3 26. Rad1
Ng4 27. Rd2 Rd7 28. Qd1 Qd8 0-1

[Event "WJun"]
[Site "Puerto Madryn ARG"]
[Date "2009.10.29"]
[Round "8"]
[White "Dole,A"]
[Black "Gomez,Gu"]
[Result "0-1"]
[WhiteElo "2068"]
[BlackElo "2176"]
[EventDate "2009.10.22"]

1. e4 e5 2. Nf3 Nc6 3. Bb5 a6 4. Ba4 Nf6 5. O-O Be7 6. Re1 b5 7. Bb3 d6 8.
c3 O-O 9. h3 Na5 10. Bc2 c5 11. d4 Qc7 12. d5 c4 13. b4 cxb3 14. axb3 Bd7
15. Ba3 Bd8 16. Qe2 Nb7 17. b4 Qb8 18. Bd3 Bb6 19. Nbd2 Nh5 20. Nb3 Nf4 21.
Qf1 Qc8 0-1

[Event "WJun"]
[Site "Puerto Madryn ARG"]
[Date "2009.10.29"]
[Round "8"]
[White "Taher,R"]
[Black "Gallego Alcaraz,A"]
[Result "0-1"]
[WhiteElo "1946"]
[BlackElo "2404"]
[EventDate "2009.10.22"]

1. e4 c5 2. Nf3 Nc6 3. d3 g6 4. g3 Bg7 5. Bg2 d6 6. c3 Nf6 7. O-O O-O 8.
Re1 Rb8 9. a4 a6 10. Na3 b5 11. axb5 axb5 12. h3 Nd7 13. Nc2 b4 14. d4 Qb6
15. Be3 Bb7 16. e5 bxc3 17. dxc5 Nxc5 18. b4 Nxb4 19. Rb1 Bxf3 20. Bxf3 Qa5
21. exd6 exd6 22. Nxb4 Rxb4 23. Qxd6 Rxb1 24. Rxb1 Ne6 25. Bg4 Be5 26. Qd3
Rd8 27. Qc4 Qd5 28. Qa4 Nd4 29. Bxd4 Qxd4 30. Qc2 Rd6 31. Re1 Rf6 32. Re2
h5 33. Bc8 0-1

[Event "WJun"]
[Site "Puerto Madryn ARG"]
[Date "2009.10.29"]
[Round "8"]
[White "Ramos,Va"]
[Black "Soares,E"]
[Result "0-1"]
[WhiteElo "1915"]
[BlackElo "2065"]
[EventDate "2009.10.22"]

1. c4 e6 2. Nf3 Nf6 3. b3 d5 4. Bb2 Bd6 5. g3 c6 6. Bg2 O-O 7. O-O Nbd7 8.
d3 e5 9. cxd5 cxd5 10. Nc3 d4 11. Nb5 Bc5 12. Rc1 a6 13. Na3 Re8 14. Nc4
Qe7 15. Nh4 Nf8 16. Qc2 N6d7 17. Na5 Rb8 18. Nc4 g5 19. Nf5 Qf6 20. g4 Nb6
21. Nd2 Bxf5 22. gxf5 Bb4 23. Ne4 Qxf5 24. Qd1 Qg6 25. a3 Be7 26. e3 Ne6
27. exd4 exd4 28. f4 Nxf4 29. Rxf4 gxf4 30. Qf3 f5 31. Nf2 Bf6 32. Nh3 Qg4
33. Nxf4 Qxf3 34. Bxf3 Bg5 0-1

[Event "WJun"]
[Site "Puerto Madryn ARG"]
[Date "2009.10.29"]
[Round "8"]
[White "Morales,Ra"]
[Black "Catelli,H"]
[Result "0-1"]
[WhiteElo "1941"]
[BlackElo "2200"]
[EventDate "2009.10.22"]

1. d4 Nf6 2. c4 g6 3. Nc3 Bg7 4. e4 d6 5. f3 O-O 6. Be3 Nc6 7. Nge2 a6 8.
Qd2 Rb8 9. O-O-O b5 10. Ng3 bxc4 11. Bxc4 e5 12. d5 Nd4 13. Bh6 c5 14. dxc6
Bxh6 15. Qxh6 Qb6 16. Qd2 Qxc6 17. Bd5 Nxd5 18. exd5 Qb6 19. h4 Bd7 20. h5
Rfc8 21. Nge4 Bf5 22. Rh4 Qa5 23. Nf6+ Kg7 0-1

[Event "WJun"]
[Site "Puerto Madryn ARG"]
[Date "2009.10.29"]
[Round "8"]
[White "Howell,D"]
[Black "Jumabayev,R"]
[Result "1-0"]
[WhiteElo "2624"]
[BlackElo "2548"]
[EventDate "2009.10.22"]

1. e4 e5 2. Nf3 Nc6 3. Nc3 Nf6 4. Bb5 Nd4 5. Bc4 Bc5 6. Nxe5 Qe7 7. Nf3 d5
8. Bxd5 Bg4 9. d3 O-O-O 10. Be3 Rhe8 11. Bb3 Bxf3 12. gxf3 Nh5 13. f4 Qh4
14. Bxf7 Nxf4 15. Bxe8 Nxc2+ 16. Qxc2 Bxe3 17. Bb5 a6 18. Bc4 b5 19. Bd5 b4
20. Nd1 Bb6 21. Qc4 Nxd5 22. exd5 Re8+ 23. Kd2 Qg5+ 24. Kc2 Qg2 25. Ne3
Rxe3 26. Kb3 Re2 27. Rhe1 Qf3 28. Rxe2 Qxe2 29. Rg1 Kb8 30. Rxg7 Qd1+ 31.
Qc2 Qf3 32. Rg8+ 1-0

[Event "WJun"]
[Site "Puerto Madryn ARG"]
[Date "2009.10.29"]
[Round "8"]
[White "Li Chao2"]
[Black "Lenderman,A"]
[Result "1-0"]
[WhiteElo "2617"]
[BlackElo "2542"]
[EventDate "2009.10.22"]

1. e4 c6 2. d4 d5 3. e5 Bf5 4. Nf3 e6 5. Be2 c5 6. Be3 cxd4 7. Nxd4 Ne7 8.
Nd2 Nbc6 9. N2f3 Bg4 10. O-O Rc8 11. c3 a6 12. Qb3 Qd7 13. Rfd1 Nxd4 14.
Bxd4 Nc6 15. h3 Bxf3 16. Bxf3 Be7 17. Qa4 O-O 18. Re1 b5 19. Qd1 Nxd4 20.
Qxd4 Rc4 21. Qd1 Qa7 22. a3 a5 23. Qd2 Qb6 24. Be2 Rc7 25. Bd3 g6 26. Re2
Rfc8 27. Qf4 b4 28. cxb4 axb4 29. a4 Rc5 30. h4 Qc7 31. g3 Rc1+ 32. Re1
Rxe1+ 33. Rxe1 Qa7 34. Ra1 Rf8 35. a5 f6 36. Qg4 f5 37. Qf4 Bc5 38. a6 Kg7
39. h5 Qe7 40. Ra5 Rc8 41. h6+ Kf7 42. Rb5 Qd8 43. Rb7+ Rc7 44. Qc1 Rxb7
45. axb7 Ba7 46. Qc8 Ke7 47. Kg2 b3 48. Bb5 g5 49. f4 g4 50. Kf1 Bb8 51.
Ke2 Ba7 52. Ba4 Bb8 53. Bxb3 Qe8 54. Kd2 Qd8 55. Ke2 Qe8 56. Ke1 Qd8 57.
Kf1 Qe8 58. Qc5+ Kf7 59. Bd1 d4 60. Bb3 d3 61. Qc8 d2 62. Qxe8+ Kxe8 63.
Ke2 Kd7 64. Kxd2 Ba7 65. Ke2 Bb8 66. Bc4 Ba7 67. b4 Bb8 68. b5 Ba7 69. b6
Bb8 70. Kd3 Ke7 71. Kd4 Kd7 72. Kc5 Ke7 73. Kc6 1-0